000 00602nam a2200169 a 4500
008 120416s1977 ||||||||||||||||| || u
050 _aHF 5635 Kie
100 _aKieso, Donald E
245 1 0 _aIntermediate accounting. (2nd ed.)
250 _a2nd ed.
260 _aLondon:
_bJohn Wiley and Sons
_c1977
300 _axv, 1165p. : ill.
350 _a0.00
650 _aACCOUNTING--STUDY AND TEACHING
650 0 _aACCOUNTING--HANDBOOKS, MANUALS, ETC
995 _D0.00
_FCBU-MAIN LIBRARY (Kitwe)
_H1
_I23.00
_M1
_UDAMAGED
_ZMain Library Open Access Collection
999 _c47232
_d47232